banner koha

Sample size for estimate the average of Passiflora caerulea fruits traits (Registro n. 328186)

MARC details
000 -LÍDER
fixed length control field 04204nab a2200349 i 4500
003 - CÓDIGO MARC DA AGÊNCIA CATALOGADORA
Campo de controle BR-BrBNA
005 - DATA E HORA DA ÚLTIMA ATUALIZAÇÃO
Campo de controle 20241018151634.0
008 - CAMPO DE TAMANHO FIXO
fixed length control field 241018b2016 bl.mr|pooa||| 00| 0 eng |
040 ## - FONTE DA CATALOGAÇÃO
Agência catalogadora BR-BrBNA
Idioma da catalogação eng
072 ## - CATEGORIA AGRIS
Código AGRIS Q04
Código do objeto 1123
072 ## - CATEGORIA AGRIS
Código AGRIS U10
100 ## - ENTRADA PRINCIPAL - NOME PESSOAL
Nome pessoal Bandeira, Cirineu Tolfo
100 ## - ENTRADA PRINCIPAL - NOME PESSOAL
Nome pessoal Fortes, Sabrina Kitina Giordano
100 ## - ENTRADA PRINCIPAL - NOME PESSOAL
Nome pessoal Toebe, Marcos
100 ## - ENTRADA PRINCIPAL - NOME PESSOAL
Nome pessoal Saifert, Luciano
100 ## - ENTRADA PRINCIPAL - NOME PESSOAL
Nome pessoal Giacobbo, Clevison Luiz
100 ## - ENTRADA PRINCIPAL - NOME PESSOAL
Nome pessoal Welter, Leocir José
245 ## - TÍTULO PRINCIPAL
Título principal Sample size for estimate the average of Passiflora caerulea fruits traits
500 ## - NOTA GERAL
Nota geral Publicação on-line; 18 ref.; 3 tables; Sumaries (En, Pt)
942 ## - ADDED ENTRY ELEMENTS (KOHA)
Koha item type Analítica
520 ## - NOTA DE RESUMO
Nota de conteúdo <br/>ABSTRACT - The aim of this research was to determine the sample size needed to estimate the average of wild passion fruit (Passiflora caerulea) traits. It was collected randomly, 133, 99 and 133 fruit of wild passion fruit in 30, 21 and 29 plants, located respectively, in the cities of São Borja, Itaqui and Uruguaiana, on the west border of Rio Grande do Sul, Brazil, totaling 365 fruits harvested in 80 plants. In each fruit were measured ten traits: width, length, fruit, skin, and pulp weight, pulp yield, luminosity and tone of skin and pulp. Then, central tendency, dispersion and distribution measures were calculated and the normality of the data checked. After, it was determined the sample size needed to estimate the average for each character, assuming estimation errors equal to 1, 2, ..., 10% of the mean estimate with confidence levels of 95% and 99%. In wild passion fruit, 12 fruits are sufficient to estimate the mean of luminosity and tone of the skin and pulp, with an estimation error of 5% of the mean and 95% confidence, regardless of the evaluation location (São Borja, Itaqui or Uruguaiana). In this same level of accuracy 36 fruits are needed to estimate the width and length, 52 fruits to estimate the pulp yield and 319 fruits for the evaluation of the fruit, skin and pulp weight. <br/><br/>Key words: wild passion fruit, experimental precision, experimental planning.
520 ## - NOTA DE RESUMO
Nota de conteúdo <br/>RESUMO - O objetivo deste trabalho foi determinar o tamanho de amostra necessário para a estimação da média de caracteres de frutos de maracujá-do-mato (Passiflora caerulea). Foram colhidos, aleatoriamente, 133, 99 e 133 frutos de maracujá-do-mato em 30, 21 e 29 plantas localizadas, respectivamente, nos municípios de São Borja, Itaqui e Uruguaiana, na fronteira oeste do estado do Rio Grande do Sul, Brasil, totalizando 365 frutos colhidos em 80 plantas. Em cada fruto, foram mensurados dez caracteres: largura, comprimento, massa do fruto, da casca e da polpa, rendimento de polpa, luminosidade e tonalidade da casca e da polpa. A seguir, foram calculadas medidas de tendência central, de dispersão e de distribuição e verificada a normalidade dos dados. Posteriormente, foi determinado o tamanho de amostra necessário para a estimação da média de cada caractere, assumindo erros de estimação iguais a 1, 2, ..., 10% da estimativa da média com graus de confiança de 95% e 99%. Em maracujá-do-mato, 12 frutos são suficientes para a estimação da média de luminosidade e tonalidade da casca e da polpa, com erro de estimação de 5% da média e 95% de confiança, independentemente do local de avaliação (São Borja, Itaqui ou Uruguaiana). Nesse mesmo nível de precisão, são necessários 36 frutos para a estimação da largura e do comprimento, 52 frutos para a estimação da média de rendimento de polpa e 319 frutos para a avaliação das massas do fruto, da casca e da polpa.<br/><br/>Palavras-chave: Maracujá-do-mato, precisão experimental, planejamento experimental.
650 ## - ASSUNTO - THESAGRO
Cabeçalho tópico ou nome geográfico MARACUJÁ
650 ## - ASSUNTO - THESAGRO
Cabeçalho tópico ou nome geográfico MORFOLOGIA VEGETAL
650 ## - ASSUNTO - THESAGRO
Cabeçalho tópico ou nome geográfico CASCA
650 ## - ASSUNTO - THESAGRO
Cabeçalho tópico ou nome geográfico POLPA
650 ## - ASSUNTO - THESAGRO
Cabeçalho tópico ou nome geográfico ANÁLISE ORGANOLÉPTICA
650 ## - ASSUNTO - THESAGRO
Cabeçalho tópico ou nome geográfico MODELO MATEMÁTICO
773 0# - ENTRADA ANALÍTICA
Host Biblionumber 2408
Registro do item 314932
Imprenta Santa Maria-RS Universidade Federal de Santa Maria - Centro de Ciências Rurais 1991
Outro identificador 2024-1183
Título Ciência Rural (Brazil)
ISSN 0103-8478
Colação v. 46(10) p. 1729-1736; (2016)
Número de controle de registro BR2024001785
856 ## - ACESSO E ENDEREÇO ELETRÔNICO
Identificador uniforme de recurso - URI https://www.scielo.br/j/cr/a/gbzqzyPnJbqP9BbKTCcC6hv/?format=pdf&lang=en

Nenhum exemplar disponível.

BINAGRI

Telefone: (61)3218-2567/2388/3357/2097 - binagri@agro.gov.br

Ministério da Agricultura e Pecuária , Esplanada dos Ministérios, Bloco D, Anexo B, Brasília/DF, CEP: 70.043-900